| 000 | 00504nam a2200193Ia 4500 | ||
|---|---|---|---|
| 005 | 20251020182612.0 | ||
| 008 | 200515s9999 xx 000 0 und d | ||
| 082 | _aSC/669.9/A49 | ||
| 110 | _aAmerican Society for Testing and Materials | ||
| 245 | 0 | _aMetals Test Methods and Analytical Procedures : Nondestructive Testing | |
| 260 | _aPhiladelphia | ||
| 260 | _c1995 | ||
| 300 | _a882 | ||
| 650 | _aASTM | ||
| 650 | _aMETALES | ||
| 650 | _aMETODOS DE ANALISIS | ||
| 650 | _aNORMAS | ||
| 942 | _cLIB | ||
| 999 |
_c3363 _d3363 |
||